<?xml version="1.0" encoding="UTF-8"?>
<record
    xmlns:xsi="http://www.w3.org/2001/XMLSchema-instance"
    xsi:schemaLocation="http://www.loc.gov/MARC21/slim http://www.loc.gov/standards/marcxml/schema/MARC21slim.xsd"
    xmlns="http://www.loc.gov/MARC21/slim">

  <leader>01645    a2200241   4500</leader>
  <controlfield tag="001">54075</controlfield>
  <controlfield tag="005">20260407155811.0</controlfield>
  <controlfield tag="008">260407a1965    arg                 spa d</controlfield>
  <controlfield tag="003">AR-UNSa-BCEJYS</controlfield>
  <datafield tag="040" ind1=" " ind2=" ">
    <subfield code="a">AR-UNSa-BCEJYS</subfield>
    <subfield code="b">spa</subfield>
    <subfield code="c">AR-UNSa-BCEJYS</subfield>
  </datafield>
  <datafield tag="080" ind1=" " ind2=" ">
    <subfield code="a">330.4</subfield>
    <subfield code="x">Econom&#xED;a matem&#xE1;tica</subfield>
  </datafield>
  <datafield tag="245" ind1="1" ind2="0">
    <subfield code="a">Econom&#xED;a matem&#xE1;tica</subfield>
  </datafield>
  <datafield tag="264" ind1=" " ind2="1">
    <subfield code="a">Madrid :</subfield>
    <subfield code="b">Aguilar</subfield>
    <subfield code="c">1965</subfield>
  </datafield>
  <datafield tag="300" ind1=" " ind2=" ">
    <subfield code="a">xx, 931 p.</subfield>
    <subfield code="c">22 cm.</subfield>
  </datafield>
  <datafield tag="505" ind1=" " ind2=" ">
    <subfield code="a">1. El modelo de la telara&#xF1;a y otros modelos din&#xE1;micos simples &#x2013; 2. Keynes y los cl&#xE1;sicos: el multiplicador &#x2013; 3. El principio de aceleraci&#xF3;n &#x2013; 4. An&#xE1;lisis matem&#xE1;tico: n&#xFA;meros complejos &#x2013; 5. An&#xE1;lisis matem&#xE1;tico: ecuaciones diferenciales lineales &#x2013; 6. An&#xE1;lisis matem&#xE1;tico: ecuaciones diferenciales lineales en diferencias finitas &#x2013; 7. Teor&#xED;a de los ciclos econ&#xF3;micos: Samuelson-Hicks &#x2013; 8. Teor&#xED;a del ciclo econ&#xF3;mico: Godwin, Kalecki y Phillips &#x2013; 9. Regulaci&#xF3;n econ&#xF3;mica: sistemas de control de circuito cerrado &#x2013; 10. El equilibrio econ&#xF3;mico general &#x2013; 11. Relaciones interindustriales &#x2013; 12. An&#xE1;lisis matem&#xE1;tico: vectores y matrices &#x2013; 13. An&#xE1;lisis matem&#xE1;tico: Algebra de matrices &#x2013; 14. Aplicaciones del algebra de vectores y de matrices &#x2013; 15. Teor&#xED;a elemental de los juegos &#x2013; 16. Programaci&#xF3;n lineal &#x2013; 17. Programaci&#xF3;n de actividades: distribuci&#xF3;n de los recursos &#x2013; 18. Teor&#xED;a de la empresa &#x2013; 19. La teor&#xED;a del valor &#x2013; 20. El problema de la agregaci&#xF3;n. </subfield>
  </datafield>
  <datafield tag="041" ind1=" " ind2=" ">
    <subfield code="a">spa</subfield>
  </datafield>
  <datafield tag="942" ind1=" " ind2=" ">
    <subfield code="c">BK</subfield>
  </datafield>
  <datafield tag="590" ind1=" " ind2=" ">
    <subfield code="a">niveau_biblio:m niveau_hierar:0</subfield>
  </datafield>
  <datafield tag="100" ind1="1" ind2=" ">
    <subfield code="a">Allen, R.G.D.</subfield>
  </datafield>
  <datafield tag="700" ind1="1" ind2=" ">
    <subfield code="a">Aguilar Gonzalez, Carlos</subfield>
  </datafield>
  <datafield tag="700" ind1="1" ind2=" ">
    <subfield code="a">Correa, H&#xE9;ctor</subfield>
  </datafield>
  <datafield tag="700" ind1="1" ind2=" ">
    <subfield code="a">Calleja, Anselmo</subfield>
  </datafield>
  <datafield tag="999" ind1=" " ind2=" ">
    <subfield code="c">5343</subfield>
    <subfield code="d">5343</subfield>
  </datafield>
  <datafield tag="952" ind1=" " ind2=" ">
    <subfield code="0">0</subfield>
    <subfield code="1">0</subfield>
    <subfield code="4">0</subfield>
    <subfield code="7">0</subfield>
    <subfield code="a">BCEJYS</subfield>
    <subfield code="b">BCEJYS</subfield>
    <subfield code="c">16</subfield>
    <subfield code="d">2026-04-07</subfield>
    <subfield code="l">0</subfield>
    <subfield code="o">330.4 A425</subfield>
    <subfield code="p">L21243</subfield>
    <subfield code="r">2026-04-07 15:58:11</subfield>
    <subfield code="w">2026-04-07</subfield>
    <subfield code="y">L</subfield>
  </datafield>
</record>
